000 00519nam a2200193Ia 4500
001 2115
003 IN-NITTTR
005 20251114232925.0
008 251113s9999||||xx |||||||||||||| ||eng||
040 _beng
040 _cIN-NITTTR
041 _aeng
082 _a621.381 R271T
100 _aReich, Herbert J.
245 0 _aTheory and applications of active devices. /
_cReich, Herbert J., Skalnik, John G., Krauss, Herbert L.
700 _a Krauss, Herbert L.
700 _a Skalnik, John G.
942 _2ddc
_cBK
999 _c3125
_d3125